000 00658nam a2200229Ia 4500
003 OSt
005 20220926042254.0
006 a|||||r|||| 00| 0
007 ta
008 220923b |||||||| |||| 00| 0 eng d
037 _cGeneral Book
040 _aRTL
_cRTL
_beng
041 _2eng
_aeng
082 _aY31.3, J9
100 _aBracy H E
_9346040
245 0 _aEnglish rural life
_b Village activities, organisati
260 _c1959
490 _aInternational Library of Sociology and Social Reconstruction ed by W J H Sprott
650 _aRural Sociology
942 _hY31.3, J9
_cGB
_2CC
999 _c669337
_d669337